000 01313cam a2200349 a 4500
999 _c10703
_d10703
001 13421642
003 OSt
005 20191218160547.0
008 031009s2003 ii a b 000 0 eng
010 _a 2003318174
020 _a8171883206
025 _aI-E-2003-318174; 79-91
035 _a(DLC) 2003318174
037 _bLibrary of Congress -- New Delhi Overseas Office
_cRs245.00 ($17.00 U.S.)
040 _aDLC
_cDLC
_dDLC
042 _alcode
043 _aa-ii---
050 0 0 _aHC435.2
_b.A646 2003
082 _a330.954
_bACH/I
100 1 _aAcharya, Shankar N.
_9571
245 1 0 _aIndia's economy :
_bsome issues and answers /
_cShankar Acharya.
260 _aNew Delhi :
_bAcademic Foundation,
_c2003.
300 _a180 p. :
_bill. ;
_c23 cm.
504 _aIncludes bibliographical references.
520 _aOn suggestions to policy makers on economic issues of India post 1997/98 based on experiences in past 50 years.
651 0 _aIndia
_xEconomic policy
_y1991-
651 0 _aIndia
_xEconomic conditions
_y1947-
856 4 2 _3Publisher description
_uhttp://www.loc.gov/catdir/enhancements/fy1215/2003318174-d.html
906 _a7
_bcbc
_corigode
_d3
_encip
_f20
_gy-gencatlg
942 _2ddc
_cBK
_h330.954
_iACH/I
_k330.954
_mACH/I